01427nam a2200433 i 450000100060000000300090000600500170001500800390003201500180007103500230008903500360011203500140014803500210016203500230018303500440020604000280025004100080027804600090028608000130029508000170030808000120032510000320033724500510036926000950042030000360051533600270055133700540057833800280063238000160066038000270067638500390070338800140074238800140075665000280077065000340079865500350083265800280086785600980089520030KOSZ 00520210413115339.0990506s1981 pl a f f |000 0 pol aUWD 1983/5633 a991009407789705066 a(PL-WaBN)b12548078-48omnis_nlop ab12548078 a(OCoLC)804535027 a(PL)b0000001254807 a(EXLNZ-48OMNIS_NETWORK)9910269667105606 aWA NcWA NdKOSZ 005/HR0 apol k1981 a621.1.01 a621.039.5/.6 a(075.8)1 aŻyszkowski, WiktoreAutor10aPrzemiany energetyczne /cWiktor Żyszkowski. aRzeszów :bWydawnictwo Uczelniane Politechniki Rzeszowskiej im. I. Łukasiewicza,c1981. a428 s. :brys., wykr. ;c21 cm. aTekstbtxt2rdacontent aBez urządzenia pośredniczącegobn2rdamedia aWoluminbnc2rdacarrier aKsiążki aPublikacje dydaktyczne mPoziom nauczaniaaSzkoły wyższe a1901-2000 a1945-1989 7aReaktory jądrowe2DBN 7aTermodynamika techniczna2DBN 7aPodręczniki akademickie2DBN aInżynieria i technika uhttp://koha.tu.koszalin.pl/cgi-bin/koha/opac-detail.pl?biblionumber=20030yKatalog online BPK